000 00727cab a2200229 4500
001 WB3207-09
008 090401t1996 xxu||||| |||| 00| 0 eng d
035 _a(Sirsi) u27822
041 _aeng
245 _aHong Kong family buy Battersea
260 _c1996
350 _a0
490 _aDaily Telegraph
_v12 February 1996, 26(1)
520 _aBattersea power station has been transferred to the Hwang family, they are now seeking planning permission to develop it into a £500m leisure complex.
650 _aBATTERSEA LEISURE
650 _aBATTERSEA POWER STATION
650 _aLEISURE COMPLEX
690 _aPROPERTY-COMMERCIAL PROPERTY
690 _aLEISURE AND RECREATION
942 _n0
948 _c04/03/1997
999 _c18749
_d18749